000 00427nam a2200169Ia 4500
003 GCL
008 140319s9999 xx 000 0 eng d
040 _aGCL /
_cGCL
082 0 4 _a679.458
_bB S
100 1 _aBRUFORD,DAVID
245 1 0 _aTHE SOFTETY PILOTS TRAINING MANUAL /
_cBRUFORD,DAVID
260 _a[S.N] :
_bAIRLIFE PUBLISHING ،
_c1993
300 _a100 P
650 0 4 _aPILOTS
650 0 4 _aFLYING
942 _2ddc
_cBK
999 _c12163
_d12163